NBA Players By Their Nicknames(Active) - Statistics

General Stats
  • This quiz has been taken 284 times
  • The average score is 13 of 15
Answer Stats
Hint Answer % Correct
The King LeBron James
100%
The Beard James Harden
99%
CP 0 Rings Chris Paul
97%
The Joker Nikola Jokic
97%
The Splash Bros. Stephen Curry/Klay Thompson
97%
Freak Giannis Antetokounmpo
95%
Slim Reaper Kevin Durant
95%
Bam Bam Bam Adebayo
94%
Swipa da Fox De'Aaron Fox
92%
The Spider Donovan Mitchell
92%
The Claw Kawhi Leonard
91%
Uncle Drew Kyrie Irving
89%
The Process Joel Embiid
76%
The Unicorn Kristaps Porziņģis
59%
Big Panda Bradley Beal
22%
No matching quizzes found
Score Distribution
Percent of People with Each Score
Percentile by Number Answered
Your Score History
You have not taken this quiz